banner-ar

الارهاب عبر الشبكة العنكبوتية / (Record no. 62229)

MARC details
000 -الفاتح
حقل البيانات ثابتة الطول 00749nam a22002057a 4500
005 - وقت وتاريخ اخر تعامل مع التسجيلة
رقم الضبط 20240530110540.0
008 - عناصر البيانات ثابتة الطول - معلومات عامة
حقل البيانات ثابتة الطول 160507s2015 ua ||||g b||| 00| 0 a d
020 ## - الرقم الدولى المعيارى للكتب
الرقم الدولى المعيارى للكتاب 978977281518X
040 ## - مصدر الفهرسة
وكالة الفهرسة الأصلية EG-CaGPL
082 04 - رقم تصنيف ديوى العشرى
رقم التصنيف 364.1 /
رقم المادة هـ ا
رقم الطبعة 21
100 0# - المدخل الرئيسى - إسم شخصى
الإسم الشخصى هديل مصطفى مصطفى الخولى
245 12 - بيان العنوان
العنوان الارهاب عبر الشبكة العنكبوتية /
بيان المسئوليه,etc تأليف هديل مصطفى مصطفى الخولى.
260 ## - PUBLICATION, DISTRIBUTION, ETC. (IMPRINT)
تاريخ النشر أو التوزيع 2014.
300 ## - الوصف المادى
التعداد 47 ص. ؛
أبعاد الوعاء 30 سم.
504 ## - تبصرة ببليوجرافية
تبصرة ببليوجرافية,الخ ببليوجرافية : ص. 41-47.
650 04 - المدخل الاضافى بالموضوع-مصطلح موضوعى
مصطلح موضوعي الارهاب الالكتروني
650 04 - المدخل الاضافى بالموضوع-مصطلح موضوعى
مصطلح موضوعي الانترنت
942 ## - عناصر المدخل الإضافي( كوها)
مصدر التصنيف او مخطط الترفيف Dewey Decimal Classification
Koha [default] item type كتاب
260 ## - PUBLICATION, DISTRIBUTION, ETC. (IMPRINT)
-- القاهرة :
-- المكتبة الاكاديمة،
Holdings
حالة التراجع حالة الفقد حالة تلف ليس للاعارة المكان المؤقت الموقع الحالى تاريخ الاكتساب اجمالي اﻻعارات رقم الطلب الباركود تاريخ اخر مشاهدة تاريخ تفعيل السعر نوع وعاء كوها
        مكتبة القاهرة الكبرى مكتبة القاهرة الكبرى 05/07/2016   364.1 / هـ ا 161891 05/07/2016 05/07/2016 كتاب

Powered By

EGPV